Naturally Dangerous; (Record no. 6236)
[ view plain ]
| 000 -LEADER | |
|---|---|
| fixed length control field | 00588nam a22001937a 4500 |
| 003 - CONTROL NUMBER IDENTIFIER | |
| control field | OSt |
| 005 - DATE AND TIME OF LATEST TRANSACTION | |
| control field | 20190819110208.0 |
| 008 - FIXED-LENGTH DATA ELEMENTS--GENERAL INFORMATION | |
| fixed length control field | 190819b ||||| |||| 00| 0 eng d |
| 020 ## - INTERNATIONAL STANDARD BOOK NUMBER | |
| International Standard Book Number | 1891389092 |
| 040 ## - CATALOGING SOURCE | |
| Transcribing agency | DDC |
| 082 ## - DEWEY DECIMAL CLASSIFICATION NUMBER | |
| Classification number | 363.1926 COL 2001. |
| 100 ## - MAIN ENTRY--PERSONAL NAME | |
| Personal name | Collman,P.James; |
| 9 (RLIN) | 12829 |
| 245 ## - TITLE STATEMENT | |
| Title | Naturally Dangerous; |
| Remainder of title | Surprising Facts about food, Health and the environment: |
| 260 ## - PUBLICATION, DISTRIBUTION, ETC. (IMPRINT) | |
| Place of publication, distribution, etc. | California, |
| Name of publisher, distributor, etc. | University Science Books; |
| 300 ## - PHYSICAL DESCRIPTION | |
| Extent | xii,270p; |
| Other physical details | ill; |
| Dimensions | 25cm. |
| 504 ## - BIBLIOGRAPHY, ETC. NOTE | |
| Bibliography, etc | includes references, Glossary and index. |
| 650 ## - SUBJECT ADDED ENTRY--TOPICAL TERM | |
| Topical term or geographic name as entry element | General science. |
| 9 (RLIN) | 12830 |
| 942 ## - ADDED ENTRY ELEMENTS (KOHA) | |
| Source of classification or shelving scheme | Dewey Decimal Classification |
| Koha item type | Open Shelf |
| Withdrawn status | Lost status | Source of classification or shelving scheme | Damaged status | Not for loan | Home library | Current library | Date acquired | Source of acquisition | Inventory number | Total Checkouts | Full call number | Barcode | Date last seen | Koha item type | Price effective from |
|---|---|---|---|---|---|---|---|---|---|---|---|---|---|---|---|
| Dewey Decimal Classification | MUST Main Library | MUST Main Library | 19/08/2019 | Purchase | 06/26787 | 363.1926 COL 2001. | 2019-0139 | 19/08/2019 | Open Shelf | ||||||
| Dewey Decimal Classification | MUST Main Library | MUST Main Library | 19/08/2019 | Purchase | 02/17485 | 363.1926 COL 2001. | 2019-0140 | 19/08/2019 | Open Shelf | ||||||
| Dewey Decimal Classification | MUST Main Library | MUST Main Library | 19/08/2019 | Purchase | 03/19566 | 363.1926 COL 2001. | 2019-0141 | 19/08/2019 | Open Shelf | ||||||
| Dewey Decimal Classification | MUST Main Library | MUST Main Library | 19/08/2019 | Purchase | 06/26787 | 363.1926 COL 2001. | 2019-0142 | 19/08/2019 | Open Shelf | ||||||
| Dewey Decimal Classification | MUST Main Library | MUST Main Library | 19/08/2019 | Purchase | 06/26785 | 363.1926 COL 2001. | 2019-0143 | 19/08/2019 | Open Shelf | ||||||
| Dewey Decimal Classification | MUST Main Library | MUST Main Library | 19/08/2019 | Purchase | 02/17489 | 363.1926 COL 2001. | 2019-0144 | 19/08/2019 | Open Shelf | ||||||
| Dewey Decimal Classification | MUST Main Library | MUST Main Library | 19/08/2019 | Purchase | 05/23929 | 363.1926 COL 2001. | 2019-0145 | 19/08/2019 | Open Shelf | ||||||
| Dewey Decimal Classification | MUST Main Library | MUST Main Library | 19/08/2019 | Purchase | 02/17491 | 363.1926 COL 2001. | 2019-0146 | 19/08/2019 | Open Shelf | ||||||
| Dewey Decimal Classification | MUST Main Library | MUST Main Library | 19/08/2019 | Purchase | 02/17486 | 363.1926 COL 2001. | 2019-0147 | 19/08/2019 | Open Shelf | ||||||
| Dewey Decimal Classification | MUST Main Library | MUST Main Library | 19/08/2019 | Purchase | 05/23928 | 363.1926 COL 2001. | 2019-0148 | 19/08/2019 | Open Shelf | ||||||
| Dewey Decimal Classification | MUST Main Library | MUST Main Library | 19/08/2019 | Purchase | 02/17490 | 363.1926 COL 2001. | 2019-0175 | 19/08/2019 | Open Shelf | ||||||
| Dewey Decimal Classification | MUST Main Library | MUST Main Library | 06/02/2020 | Purchase | 06/26786 | 363.1926 COL 2001. | 2020-0388 | 06/02/2020 | Open Shelf | 06/02/2020 | |||||
| Dewey Decimal Classification | MUST Main Library | MUST Main Library | 16/07/2024 | Purchase | 05/23930 | 363.1926 COL 2001. | 2024-21986 | 16/07/2024 | Open Shelf | 16/07/2024 |
